MARC details
| 000 -LEADER |
| campo de control de longitud fija |
01830nka a2200361 i 4500 |
| 001 - NÚMERO DE CONTROL |
| campo de control |
103002 |
| 003 - IDENTIFICADOR DE NÚMERO DE CONTROL |
| campo de control |
ES-MaACL |
| 005 - FECHA Y HORA DE LA ÚLTIMA TRANSACCIÓN |
| campo de control |
20250824093144.0 |
| 007 - CAMPO FIJO DE DESCRIPCIÓN FÍSICA--INFORMACIÓN GENERAL |
| campo de control de longitud fija |
t| |
| 008 - DATOS DE LONGITUD FIJA--INFORMACIÓN GENERAL |
| campo de control de longitud fija |
051223q1877 sp --- | |r00 c|spa |
| 100 1# - ENTRADA PRINCIPAL--NOMBRE DE PERSONA |
| Nombre de persona |
Maura Montaner, Bartolomé, |
| Fechas asociadas al nombre |
1844-1926 |
| Término indicativo de función/relación |
Dibujante |
| -- |
Grabador |
| 9 (RLIN) |
79222 |
| 245 11 - MENCIÓN DEL TÍTULO |
| Título |
[Testamento de Isabel la Católica] |
| Medio |
[Material gráfico] / |
| Mención de responsabilidad, etc. |
E Rosales Ptó. ; B. Maura Djo y Gbo, 1877 |
| 246 1# - FORMA VARIANTE DEL TITULO |
| Título propio/Titulo breve |
Isabel la Católica dictando su testamento |
| 260 ## - PUBLICACIÓN, DISTRIBUCIÓN, ETC. |
| Lugar de publicación, distribución, etc. |
[S.l. : |
| Nombre del editor, distribuidor, etc. |
s.n., |
| Fecha de publicación, distribución, etc. |
1877] |
| 300 ## - DESCRIPCIÓN FÍSICA |
| Extensión |
1 estampa : |
| Otras características físicas |
grabado calcográfico ; |
| Dimensiones |
462 x 630 mm |
| 490 1# - MENCIÓN DE SERIE |
| Mención de serie |
Colección facticia de grabados ; |
| Designación de volumen o secuencia |
46 |
| RLIN |
184692 |
| 520 ## - RESUMEN, ETC. |
| Sumario, etc. |
Grabado que reproduce el óleo sobre lienzo "Isabel la Católica dictando su testamento", pintado en 1864 por Eduardo Rosales, depositado en el Museo del Prado. Es una escena de corte histórico y estilo academicista-realista, englobada en el periodo romántico |
| 530 ## - NOTA DISPONIBLE DE FORMULARIO FÍSICO ADICIONAL |
| Nota de formato físico adicional disponible |
Disponible en formato digital |
| 600 04 - PUNTO DE ACCESO ADICIONAL DE MATERIA--NOMBRE DE PERSONA |
| Nombre de persona |
Isabel |
| Numeración |
I, |
| Títulos y otros términos asociados al nombre |
Reina de Castilla |
| 9 (RLIN) |
175419 |
| 650 #4 - PUNTO DE ACCESO ADICIONAL DE MATERIA--TÉRMINO DE MATERIA |
| Término de materia o nombre geográfico como elemento de entrada |
Reyes y soberanos- |
| Subdivisión cronológica |
S.XV |
| 9 (RLIN) |
241974 |
| 650 #7 - PUNTO DE ACCESO ADICIONAL DE MATERIA--TÉRMINO DE MATERIA |
| Término de materia o nombre geográfico como elemento de entrada |
Testamentos |
| Fuente del encabezamiento o término |
embne |
| 9 (RLIN) |
17521 |
| 655 #7 - TERMINO DE INDIZACIÓN--GENERO/FORMA |
| Datos o término principal de género/forma |
Grabados calcográficos |
| Fuente del término |
tgfbne |
| 9 (RLIN) |
241761 |
| 655 #7 - TERMINO DE INDIZACIÓN--GENERO/FORMA |
| Datos o término principal de género/forma |
Grabados |
| Fuente del término |
tgfbne |
| 9 (RLIN) |
226846 |
| 655 #4 - TERMINO DE INDIZACIÓN--GENERO/FORMA |
| Datos o término principal de género/forma |
Reproducciones de obras de arte |
| 9 (RLIN) |
241931 |
| 700 1# - ENTRADA AGREGADA--NOMBRE PERSONAL |
| Nombre de persona |
Rosales, Eduardo, |
| Fechas asociadas al nombre |
1836-1873 |
| Término indicativo de función/relación |
Artista |
| 9 (RLIN) |
99638 |
| 830 #0 - PUNTO DE ACCESO ADICIONAL DE SERIE-TÍTULO UNIFORME |
| Título uniforme |
Colección facticia de grabados ; |
| Designación de volumen o secuencia |
46 |
| 9 (RLIN) |
184692 |
| 852 4# - LOCALIZACIÓN |
| Ubicación |
ES-MaACL |
| Ubicación en estantería |
Depósito 2 |
| Número de control de estantería |
GF-2(46) |
| 856 4# - LOCALIZACIÓN Y ACCESO ELECTRÓNICOS |
| Identificador Uniforme de Recursos |
<a href="https://patrimoniodigital.ucm.es/s/patrimonio/item/1534119">https://patrimoniodigital.ucm.es/s/patrimonio/item/1534119</a> |
| Texto de enlace |
Versión en línea |
| Nota pública |
(Patrimonio Digital Complutense) |
| 856 4# - LOCALIZACIÓN Y ACCESO ELECTRÓNICOS |
| Identificador Uniforme de Recursos |
<a href="https://www.museodelprado.es/coleccion/obra-de-arte/isabel-la-catolica-dictando-su-testamento/4a24b513-9469-4173-b4b9-af1c84b51e9d">https://www.museodelprado.es/coleccion/obra-de-arte/isabel-la-catolica-dictando-su-testamento/4a24b513-9469-4173-b4b9-af1c84b51e9d</a> |
| Texto de enlace |
Versión en línea |
| Nota pública |
(Museo del Prado) |
| 942 ## - ELEMENTOS DE ENTRADA SECUNDARIOS (KOHA) |
| Fuente del sistema de clasificación o colocación |
Clasificación decimal universal |
| Tipo de ítem Koha |
Grabado |
| Suprimir en OPAC |
No |